Přínos Tomáše Bati marketingové komunikaci
Názory a myšlienky Tomáša Baťu inšpiráciou pre mnohých manažérov. Osobný predaj ako základ úspechu. Komplexný, integrovaný a dobre premyslený vzťah s verejnosťou. Reklamná činnosť a podpora predaja. Uplatnenie marketingovej komunikácie Tomáša Baťu v súčasnosti.
Salvato in:
| Autore principale: | |
|---|---|
| Natura: | Capitolo di libro |
| Lingua: | ceco |
| Soggetti: | |
| Tags: |
Nessun Tag, puoi essere il primo ad aggiungerne!!
|
MARC
| LEADER | 00000naa$a2200000$$$4500 | ||
|---|---|---|---|
| 001 | 0034013 | ||
| 005 | 20231018124955.2 | ||
| 041 | 0 | |a cze | |
| 044 | |a CZ | ||
| 245 | 1 | 0 | |a Přínos Tomáše Bati marketingové komunikaci |c Pavla Staňková |
| 520 | |a Názory a myšlienky Tomáša Baťu inšpiráciou pre mnohých manažérov. Osobný predaj ako základ úspechu. Komplexný, integrovaný a dobre premyslený vzťah s verejnosťou. Reklamná činnosť a podpora predaja. Uplatnenie marketingovej komunikácie Tomáša Baťu v súčasnosti. | ||
| 610 | 2 | 0 | |a marketing |
| 610 | 2 | 0 | |a komunikácia marketingová |
| 610 | 2 | 0 | |a obchod |
| 610 | 2 | 0 | |a predaj |
| 610 | 2 | 0 | |a reklama |
| 610 | 2 | 0 | |a podpora predaja |
| 610 | 2 | 0 | |a tlač |
| 610 | 2 | 0 | |a zamestnávatelia |
| 610 | 2 | 0 | |a spolupracovníci |
| 610 | 2 | 0 | |a manažéri |
| 610 | 2 | 0 | |a zákazníci |
| 610 | 2 | 0 | |a Baťa, T. |
| 100 | 1 | |a Staňková, Pavla | |